00793nam a2200193 a 450000100060000000300080000600500170001400800410003103500190007204000350009104100080012608200270013411000710016124501910023226000590042330000360048250000280051865000530054638390BD-RjUL20211209052803.0151121s1961 pk a| | 00| 0 eng|d a(BD-RjUL)38495 aBD-RjULbengcBD-RjULdBD-RjUL aeng a338.9549223bEAF 1961 aEast Pakistan (Pakistan). bPlanning Department (Project Division) aFirst year of second five-year plan in East Pakistan :b progress of approved development schemes for the year 1960-61 /cEast Pakistan (Pakistan). Planning Department (Project Division) aDacca (Dhaka) :bEast Pakistan Government Press,c1961 aP, xix, 289 p.:bIll. ;c24 cm. a"For Official use only" aEast Pakistan (Pakistan) xEconomic policy.